| 000 | 00460nam a2200181 4500 | ||
|---|---|---|---|
| 005 | 20260219104523.0 | ||
| 008 | 260219b |||||||| |||| 00| 0 eng d | ||
| 020 | _a9789348179340 | ||
| 040 |
_aLC1 _cLC1 |
||
| 041 |
_2eng _aeng |
||
| 084 | _aZ2,7,11qN08 | ||
| 100 |
_aTakwani, C.K _91116285 |
||
| 245 |
_aCivil Procedure _bLimitation and commercial courts |
||
| 250 | _a10th | ||
| 260 |
_aLucknow _bEBC _c2025 |
||
| 300 | _aS-6, 847 | ||
| 942 |
_2CC _n0 _cTB |
||
| 999 |
_c1679982 _d1679982 |
||